000 00664nam a2200193Ia 4500
003 GCL
008 140319s9999 xx 000 0 ara d
040 _aGCL /
_cGCL
082 0 4 _a212.9
_bول
100 1 _aولى الدين احمد عبدالرحيم ابن
245 1 0 _aليلة القدر. معناها.. وقتها- الدعاء فيها /
_cولى الدين احمد عبدالرحيم ابن
260 _a[S.N] :
_bمكتبة التراث الاسلامى ،
_c1992
300 _a91 ص
490 _a
650 0 4 _aالاسلام
650 0 4 _aالاعياد الدينية الاسلامية
650 0 4 _aليلة القدر
942 _2ddc
_cBK
999 _c53243
_d53243